000
00217 a2200097 4500
001
48586
100
_a
Kolb, J.H
245
_a
A study of rural society
260
_a
U S A
_b
Houghton Mifflin
_c
090
_c
31514
_d
31514
942
_a
NUST-CAE
_c
M
_c
23908
999
_c
283659
_d
283659